000
00346 a2200157 4500
001
74383
020
_a
040
_c
Anchieta - Colégio São Paulo
100
_a
Araújo, Fernanda Regina Figueiredo de.
240
1
0
_a
Uçazinho
_l
por
245
1
0
_a
Uçazinho
300
_a
32
362
0
_a
2012
650
4
_a
Literatura infantil
942
_c
BK
999
_c
74383
_d
74383